| 000 | 00522nam a2200193Ia 4500 | ||
|---|---|---|---|
| 003 | LK-CoDNM | ||
| 005 | 20241205113710.0 | ||
| 008 | 010623t1958 xxu||||| |||| 00| 1 sin d | ||
| 040 |
_aLK-CoDNM _dLK-CoDNM _eLK-CoDNM |
||
| 041 | _asin | ||
| 080 |
_a8 C.09 _bSEN |
||
| 100 | _aSenanayaka, G.R. | ||
| 245 | _aසාහිත්ය හා විචාර මඟ | ||
| 246 | _aSahithya ha vichara maga | ||
| 260 |
_bSarasavi bookshop _aGampaha _c1958 |
||
| 300 | _b92p. : 19 cm | ||
| 650 | _aLiterature | ||
| 942 | _cBK | ||
| 999 |
_c104857 _d104857 |
||